Sky force 2025 / directed by Abhishek Anil Kapur and Sandeep Kewlani; written by Niren Bhatt, Carl Austin, Aamil Keeyan Khan, and Sandeep Kewlani; produced by Dinesh Vijan, Jyoti Deshpande, and Amar Kaushik. (Record no. 20827)

000 -LEADER
fixed length control field 01275nam a2200241 4500
008 - FIXED-LENGTH DATA ELEMENTS--GENERAL INFORMATION
fixed length control field 250527b xxu||||| |||| 00| 0 eng d
040 ## - CATALOGING SOURCE
Original cataloging agency Cagayan State University
Description conventions RDA
082 ## - DEWEY DECIMAL CLASSIFICATION NUMBER
Classification number 791.4372
Item number SK629
245 ## - TITLE STATEMENT
Title Sky force 2025 / directed by Abhishek Anil Kapur and Sandeep Kewlani; written by Niren Bhatt, Carl Austin, Aamil Keeyan Khan, and Sandeep Kewlani; produced by Dinesh Vijan, Jyoti Deshpande, and Amar Kaushik.
Statement of responsibility, etc directed by Abhishek Anil Kapur and Sandeep Kewlani; written by Niren Bhatt, Carl Austin, Aamil Keeyan Khan, and Sandeep Kewlani; produced by Dinesh Vijan, Jyoti Deshpande, and Amar Kaushik.
260 ## - PUBLICATION, DISTRIBUTION, ETC. (IMPRINT)
Place of publication, distribution, etc India
Name of publisher, distributor, etc Jio Studios and Maddock Films.
Date of publication, distribution, etc 2025
300 ## - PHYSICAL DESCRIPTION
Extent 1 videofile, ca. 125 mins.
Other physical details sound, color.
520 ## - SUMMARY, ETC.
Summary, etc India and Pakistan engage in airstrike warfare. As the conflict escalates, so does the risk of deadly consequences. Amid rising tensions, a group of individuals seek the truth behind the war.
650 ## - SUBJECT ADDED ENTRY--TOPICAL TERM
Topical term or geographic name as entry element Action
650 ## - SUBJECT ADDED ENTRY--TOPICAL TERM
Topical term or geographic name as entry element Drama
650 ## - SUBJECT ADDED ENTRY--TOPICAL TERM
Topical term or geographic name as entry element Thriller
700 ## - ADDED ENTRY--PERSONAL NAME
Personal name Akshay Kumar, star.
700 ## - ADDED ENTRY--PERSONAL NAME
Personal name Veer Pahariya, star.
700 ## - ADDED ENTRY--PERSONAL NAME
Personal name Nimrat Kaur, star.
700 ## - ADDED ENTRY--PERSONAL NAME
Personal name Sara Ali Khan, star.
700 ## - ADDED ENTRY--PERSONAL NAME
Personal name Santhana Krishnan Ravichandran, cinematographer.
700 ## - ADDED ENTRY--PERSONAL NAME
Personal name Sreekar Prasad, editor.
942 ## - ADDED ENTRY ELEMENTS (KOHA)
Source of classification or shelving scheme
Item type Audio-Visual Materials
Holdings
Source of acquisition Price effective from Permanent location Date last seen Not for loan Date acquired Source of classification or shelving scheme Koha item type Collection code Shelving location Damaged status Lost status Withdrawn status Current location Full call number
Donation2025-05-27Cagayan State University - Carig Library2025-05-27 2025-05-27 Audio-Visual MaterialsElectronic Media CenterElectronic Media Center   Cagayan State University - Carig Library791.4372 SK629

Cagayan State University University Library, Carig Campus
Tuguegarao City, Cagayan 3500 | www.csucarig.edu.ph

Powered by Koha